000 00551nam a2200181Ia 4500
008 240729s9999 xx 000 0 und d
022 _a2652-0397
245 0 _aTransport Findings
260 _aAustralia
260 _bNetwork Design Lab
650 _a Engineering (General). Civil engineering (General)
650 _a Transportation and communications
650 _a Transportation engineering | Social Sciences
650 _aTechnology
856 _uhttps://doaj.org/toc/81cda81936834042a69c157df2d08b6d
942 _2ddc
942 _cDOAJEJ
999 _c70539
_d70539
945 _a1
_bMadushi Gamage
_c1
_dMadushi Gamage